[Event "ROM-ch U12"]
[Site "Calimanesti"]
[Date "2018.04.01"]
[Round "7"]
[White "Plesca, Victor"]
[Black "Pandelea, Andrei Alexandru"]
[Result "0-1"]
[WhiteElo "1013"]
[BlackElo "1260"]
[PlyCount "64"]
[EventDate "2018.03.27"]
[EventType "swiss"]
[EventRounds "9"]
[EventCountry "ROU"]
[SourceTitle "CBM 183 Extra"]
[Source "ChessBase"]
[SourceDate "2018.04.19"]
[SourceVersion "1"]
[SourceVersionDate "2018.04.19"]
[SourceQuality "1"]

1. e4 e5 2. Nf3 Nf6 3. d3 Nc6 4. c3 d6 5. Be2 Be7 6. Nbd2 h6 7. d4 d5 8. dxe5 Nxe4 9. Bb5 Bd7 10. Bxc6 Bxc6 11. 0-0 0-0 12. Re1 Re8 13. c4 dxc4 14. Nxc4 Qxd1 15. Rxd1 Rad8 16. Be3 f6 17. Bxa7 b6 18. exf6 Bxf6 19. Nce5 Rxd1+ 20. Rxd1 Bxe5 21. Nxe5 Rxe5 22. Rd8+ Re8 23. Rxe8+ Bxe8 24. Bb8 c6 25. Bc7 b5 26. b4 Nc3 27. a3 Nb1 28. Bd6 Nxa3 29. Kf1 Kf7 30. Ke2 g5 31. g4 Kg6 32. Ke3 Nc4+ 0-1